000 00668nam a2200277Ia 4500
005 20260320195738.0
008 008 262003s9999 xx 000 0 hin d
020 _a9788126720156
037 _aEBOOK
040 _aCRL
040 _bhin
040 _cCRL
041 _2hin
041 _ahin
084 _qCRL
100 _aमनोज सिंह
_91132988
245 0 _aहॉस्टल के पन्नों से
250 _a2nd
260 _bRajkamal
260 _c2011
300 _a308
856 _uhttps://ebook.indiaread.in/pdfs/409_hostel_ke_panno_se.pdf
942 _cEBOOK
999 _c1716271
_d1716271